Komárno
Zobrazenie: Šesť čiastkových pohľadov, každý v tenkom bielom orámovaní, všetky na čiernom podklade a v bielom orámovaní. Pohľad na rieku s mostom vľavo vpozadí. Pohľad na mesto z výšky a z diaľky s tromi kostolmi v pozadí. Pohľad na prístav sprava s loďami blízko brehu. Pohľad na dôstojnícky pavilón...
| Format: | Photo |
|---|---|
| Language: | Slovak Hungarian |
| PhysicalDescription: | 1 pohľadnica (6 čiastkových pohľadov) čiernobiela 10 x 15 cm |
| Published: |
Komárno
N. L.
[1931?]
|
| Subjects: |
MARC
| LEADER | 00000nkm a2200000 a 4500 | ||
|---|---|---|---|
| 001 | vtls011882799 | ||
| 003 | SK-MaSNL | ||
| 005 | 20260301185037.0 | ||
| 007 | kf bo | ||
| 008 | 240703q1931 xo g kuslo | ||
| 015 | |a SNBG1931 | ||
| 035 | |a urn:nbn:sk:snk-km00ds75 | ||
| 035 | |a urn:nbn:sk:snk-km3lvlx | ||
| 035 | |a 5B4D59ED-D686-4C93-99E3-7BB8AA93E829 | ||
| 040 | |a SNK |b slo |c SNK |e AACR2 | ||
| 041 | 0 | |a slo |a hun | |
| 043 | |a e-xo--- | ||
| 044 | |a xo |c SK | ||
| 072 | 7 | |a 913 |x Regionálna geografia |2 konspekt | |
| 080 | |a 913(437.6) |2 2011 | ||
| 080 | |a 556.53 |2 2011 | ||
| 080 | |a (084.121) |2 2011 | ||
| 080 | |a 725.95 |2 2011 | ||
| 080 | |a 726:27-523.42 |2 2011 | ||
| 080 | |a 627.2 |2 2011 | ||
| 080 | |a 629.97 |2 2011 | ||
| 080 | |a 355.092 |2 2011 | ||
| 080 | |a 355.711 |2 2011 | ||
| 245 | 0 | 0 | |a Komárno |h grafika |
| 246 | 3 | 1 | |a Komárom |
| 260 | |a Komárno |b N. L. |c [1931?] |e [Prešov] |f Lichtig | ||
| 300 | |a 1 pohľadnica (6 čiastkových pohľadov) |b čiernobiela |c 10 x 15 cm | ||
| 500 | |a Názvové údaje prevzaté z obrazovej časti pohľadnice | ||
| 520 | 8 | |a Zobrazenie: Šesť čiastkových pohľadov, každý v tenkom bielom orámovaní, všetky na čiernom podklade a v bielom orámovaní. Pohľad na rieku s mostom vľavo vpozadí. Pohľad na mesto z výšky a z diaľky s tromi kostolmi v pozadí. Pohľad na prístav sprava s loďami blízko brehu. Pohľad na dôstojnícky pavilón vľavo v pozadí. Pohľad na námestie s tromi radmi budov a pred nimi s mladými lisntatými stromami, vľavo v pozadí s kostolom - bazilikou sv. Ondreja. Pohľad na ulicu s radmi budov z oboch strán lemovanú mladými listnatými stromami | |
| 546 | |a Súbežný názov v maď. | ||
| 610 | 2 | 7 | |a Kostol sv. Ondreja (Komárno, Slovensko) |2 SNKKA |9 29145 |
| 650 | 0 | 7 | |a rieky |2 SNKPH |9 29644 |
| 650 | 0 | 7 | |a mosty |2 SNKPH |9 3015 |
| 650 | 0 | 7 | |a kostoly |2 SNKPH |9 3023 |
| 650 | 0 | 7 | |a prístavy |2 SNKPH |9 16797 |
| 650 | 0 | 7 | |a lode |2 SNKPH |9 28713 |
| 650 | 0 | 7 | |a dôstojníci |2 SNKPH |9 59086 |
| 650 | 0 | 7 | |a kasárne |2 SNKPH |9 29949 |
| 650 | 0 | 7 | |a baziliky |2 SNKPH |9 54566 |
| 651 | 7 | |a Komárno (Slovensko) |2 SNKPHgeo |9 39168 | |
| 655 | 7 | |a miestne pohľadnice |2 SNKPH |9 70510 | |
| 852 | |a Slovenská národná knižnica | ||
| 958 | |a EUIPO | ||
| 958 | |a GBN | ||
| 958 | |a GC | ||
| 958 | |a OND | ||
| 999 | |c 862581 |d 864511 | ||
| 952 | |a SNK |b SNK |y PREZ |7 0 |p 17A1247480 |o snkSP 31914 |z Pohľadnica prešla poštou. |0 0 |1 0 |4 0 |d 2019-08-21 |f 1 |l 0 |r 2026-02-24 05:16:54 |w 2026-02-24 | ||


